000 00535nam a2200181Ia 4500
003 OSt
005 20251023141640.0
008 Pun
037 _cTB
040 _aARTS
_cARTS
_bPun
041 _2Pun
_aPun
084 _aO153,1J56,1:g K8;M6
_qAL
100 _aਸਿੰਘ, ਗੁਰਦੇਵ
_9156291
245 0 _aਹੀਰ ਦਮੋਦਰ:
_bਇਕ ਪੁਨਰ ਮੁਲਾਂਕਣ
260 _c1986.
942 _hO153,1J56,1:g K8;M6
_cTB
_2CC
_n0
999 _c384558
_d384558